000 01379nam a2200277 4500
001 6119
010 _a9789895579273
021 _b396700/15
090 _a6119
100 _a20260122d2015 c||y0pory50030103ba
200 1 _aHistórias de um leque mágico
_fRosário Alçada Araújo
_gil. Carla Nazareth
205 _a2º ed
210 9 _aAlfragide
_cGailivro
_d2015
215 _a33, [3] p.
_cil.
_d25 cm
225 2 _aVira a página
330 _aAquele presente que o pai trouxera à Marta do outro lado do mundo parecia especial: um leque grande que tinha sido comprado a um contador de histórias. O que a menina não sabia é que o leque era mágico. E que algures, lá longe, alguém contava com a sua ajuda para que o mundo das histórias chegasse a toda a gente e alimentasse a fada da sabedoria que vive em cada um de nós. Uma aventura que convida o leitor a pensar na importância da imaginação e a recordar que esse universo nunca poderá ter fim.
606 _914
_aLiteratura infantil
606 _915
_aLiteratura Portuguesa
675 _a82-93
_vBN
_zpor
675 _a821.134.3
_vBN
_zpor
700 _aAraújo
_bRosário Alçada
_f1973-
_9164
702 _aNazareth
_bCarla
_f1975-
_943
801 0 _aPT
_bBMVN
_gRPC
830 _cAna Caetano
_d22/01/2026
856 4 1 _uhttp://rnod.bnportugal.gov.pt/ImagesBN/winlibimg.aspx?skey=&doc=1918624&img=70495&save=true
990 _cLIVROS